000 00451nam a22001697a 4500
005 20251108164153.0
008 250721s1993 xx 000 0 ara d
082 1 4 _a301.2962/عبد
100 1 _aشرف، عبد العزيز
245 1 0 _aالتنوير :
_bفريضة وطنيه /
264 1 _aبيروت :
_bدار الجيل،
_c1993.
300 _a280ص
650 1 7 _aالثقافة
650 1 7 _aمصر
942 _2ddc
_cBK
999 _c5423
_d5423